Teoría del Estado (Record no. 29854)

MARC details
000 -LEADER
campo de control de longitud fija 00622nam a2200181 i 4500
001 - NÚMERO DE CONTROL
campo de control 29854
003 - IDENTIFICADOR DE NÚMERO DE CONTROL
campo de control ES-MaACL
005 - FECHA Y HORA DE LA ÚLTIMA TRANSACCIÓN
campo de control 20230906154111.0
007 - CAMPO FIJO DE DESCRIPCIÓN FÍSICA--INFORMACIÓN GENERAL
campo de control de longitud fija t|
008 - DATOS DE LONGITUD FIJA--INFORMACIÓN GENERAL
campo de control de longitud fija 030123s1955 mx ||||1| spa d
100 1# - ENTRADA PRINCIPAL--NOMBRE DE PERSONA
Nombre de persona Basave Fernández del Valle, Agustín.
9 (RLIN) 26254
245 10 - MENCIÓN DEL TÍTULO
Título Teoría del Estado
Resto del título : fundamentos de Filosofía Política /
Mención de responsabilidad, etc. Agustín Basave Fernández del Valle ; prólogo de Luis Recaséns Siches.
260 ## - PUBLICACIÓN, DISTRIBUCIÓN, ETC.
Lugar de publicación, distribución, etc. México :
Nombre del editor, distribuidor, etc. Jus,
Fecha de publicación, distribución, etc. 1955.
300 ## - DESCRIPCIÓN FÍSICA
Extensión XV, 222 p. ;
Dimensiones 23 cm.
700 1# - ENTRADA AGREGADA--NOMBRE PERSONAL
Nombre de persona Recasens Siches, Luis,
Fechas asociadas al nombre 1903-1977
9 (RLIN) 95751
852 ## - LOCALIZACIÓN
Ubicación ES-MaACL
Número de control de estantería C-10208
Sublocalización o colección R.38606
Holdings
Estatus retirado Estado de pérdida Estado de daño No para préstamo Biblioteca de origen Biblioteca actual Ubicación en estantería Fecha de adquisición Fuente de adquisición Total de préstamos Signatura topográfica completa Código de barras Visto por última vez Precio de reemplazo Tipo de ítem Koha
        Biblioteca del Ateneo de Madrid Biblioteca del Ateneo de Madrid Sala Palomar 17/01/2008     C-10208 1030822 23/02/2023 23/02/2023 Libro impreso